000 01973nam a22002777a 4500
001 7414
003 FISKH
005 20250714113539.0
008 250714b cb ||||| |||| 00| 0 eng d
020 _a9781780622163
040 _aFISKH
_beng
_cFISKH
_dFISKH
050 _aLC2330 .Y68
082 _a370.82095491
100 _aYousafzai , Malala
245 _aI Am Malala :
_bHow one girl stood up for education and changed the world /
_cMalala Yousafzai with Patricia Mccormick
250 _aFirst published in Great Britain in 2014
260 _aLondon :
_bIndigo ,
_c2014.
300 _a262 pages :
_bcolor illustrations , maps ;
_c20 cm .
505 _aS
520 _a"I Am Malala. This is my story. Malala Yousafzai was only ten years old when the Taliban took control of her region. They said music was a crime. They said women weren't allowed to go to the market. They said girls couldn't go to school. Raised in a once-peaceful area of Pakistan transformed by terrorism, Malala was taught to stand up for what she believes. So she fought for her right to be educated. And on October 9, 2012, she nearly lost her life for the cause: She was shot point-blank while riding the bus on her way home from school. No one expected her to survive. Now Malala is an international symbol of peaceful protest and the youngest ever Nobel Peace Prize nominee. In this Young Readers Edition of her bestselling memoir, which includes exclusive photos and material, we hear firsthand the remarkable story of a girl who knew from a young age that she wanted to change the world -- and did. Malala's powerful story will open your eyes to another world and will make you believe in hope, truth, miracles and the possibility that one person -- one young person -- can inspire change in her community and beyond.
521 8 _a800
_bLexile estimate
521 8 _aS
_bRaz-Plus
650 _aWomen's rights
_vNon-fiction
942 _2ddc
_cBK
_n0
999 _c7414
_d7414